000 00806nam a22002297a 4500
999 _c17003
_d17003
003 AR-CdUCM
008 190507b ||||| |||| 00| 0 spa d
040 _aMUNICIPALIDAD PROVINCIAL DEL CUSCO
_cBIBLIOTECA MUNICIPAL DEL CUSCO
082 _a629.454 /
_bM17
100 _aMaisak, Lawrence.
_936804
245 _aSubsistencia en la luna /
260 _aBuenos Aires :
_bEdit. Acmé,
_c1968.
300 _a158 paginas ;
_bIlustraciones,
_c18 cm.
505 _aContenido : Nuestra luna -- Atmósfera lunar -- Agua lunar -- Alimentos -- Refugios...
650 _aLa luna
_936805
650 _aSubsistencia Humana
_936806
650 _aVuelos espaciales
_936807
650 _aPolvo lunar
_936808
700 _aLafuente, Ricardo G. (Traducción)
_936809
942 _2ddc
_cLIBROS
945 _awnts
_d2019-05-7